000 00419nam a2200157Ia 4500
008 230314s9999 xx 000 0 und d
020 _a978-93-81390-15-3
041 _aeng
082 _aMS/610.7361/ANS/B08235
100 _aAnsari Javed
_9179865
245 _aPV Textbook of Medical Surgical Nursing II
260 _bS Vikas and Co
_aJalandhar
_c2014
300 _a1368
906 _bBSC
999 _c141875
_d141875